000 00989nam a22003017a 4500
003 OSt
005 20251030071304.0
008 251030b |||||||| |||| 00| 0 eng d
020 _a978-621-8035-29-4
040 _aDWCL - Main Lib
_cOC
082 _aProf. 351.076 R454 2018
100 _aCorpuz, Brenda B. [and 8 others]
245 _aReviewer for Civil Service Examination /
_cBrenda B. Corpuz [and 8 others]
260 _aMetro Manila, Philippines :
_bLorimar Publishing, Inc.,
_cc2018.
300 _aviii , 120 pages ;
_c26 cm.
650 _a1. Civil Service - Examination
650 _a2. Civil Service - Reviewer
700 _aI. Brenda B. Corpuz
700 _aII. Milagros L. Borabo
700 _aIII. Nelia G. Prieto
700 _aIV. Alvin S. Sicat
700 _aV. Celia D. Andas
700 _aVI. Felina P. Espique
700 _aVII. Elmer B. De Leon
700 _aVIII. Melchor S. Julianes
700 _aIX. Ruben A. Corpuz
942 _2ddc
_cPROF.
_mProf.
_n0
999 _c5351
_d5351